000 00608cam a2200193 a 4500
001 000007525
005 20200929154211.0
008 980609s1997 ec 001 0 spa
020 _a9978403043
040 _aDO-SdBNP
_dBNPHU
082 _aE864.64
_bU36g
100 1 _aUlchur Collazos, Iván.
_920888
245 1 0 _aGarcía Márquez, del humor y otros dominios :
_bensayo /
_cEskeletra.
260 _aQuito, Ecuador :
_bUniversidad San Francisco de Quito,
_c1997.
300 _a252 p. ;
_c21 cm.
650 4 _aEnsayo
_916396
650 4 _aLiteratura ecuatoriana
_93938
910 _aCatalogación por copia / LC
999 _c7306
_d7306